Romantic Comedies - Sudden Death - Statistics

General Stats
  • This quiz has been taken 386 times
  • The average score is 9 of 28
Answers on the Grid
Answers color-coded by a green-red scale on the quiz's grid according to % correct below.
10 Things I Hate About You
50 First Dates
Barbie
Cast Away
Clueless
Crazy, Stupid, Love
Forgetting Sarah Marshall
Forrest Gump
Four Weddings and a Funeral
Groundhog Day
Happy Gilmore
How to Lose a Guy in 10 Days
It's a Wonderful Life
Knocked Up
La La Land
Les Miserables
Little Women
Love Actually
Mean Girls
My Best Friend's Wedding
My Big Fat Greek Wedding
Notting Hill
Pretty Woman
Rebel Without a Cause
Runaway Bride
Shallow Hal
She's All That
Silver Linings Playbook
Singin' in the Rain
Sleepless in Seattle
Some Like it Hot
The Bucket List
The Holiday
The Princess Bride
The Proposal
The Revenant
The Sound of Music
The Wedding Singer
There's Something About Mary
Titanic
Valentine's Day
What Women Want
When Harry Met Sally...
You've Got Mail
 
Answer Stats
Answer % Correct
10 Things I Hate About You
93%
50 First Dates
79%
Crazy, Stupid, Love
60%
How to Lose a Guy in 10 Days
53%
Clueless
50%
Four Weddings and a Funeral
47%
Love Actually
41%
Forgetting Sarah Marshall
34%
Notting Hill
34%
My Big Fat Greek Wedding
32%
Knocked Up
30%
Pretty Woman
28%
When Harry Met Sally...
28%
My Best Friend's Wedding
27%
Runaway Bride
27%
Sleepless in Seattle
27%
The Proposal
26%
You've Got Mail
25%
The Wedding Singer
23%
Groundhog Day
22%
She's All That
22%
The Holiday
22%
There's Something About Mary
22%
What Women Want
20%
Valentine's Day
18%
Shallow Hal
15%
The Princess Bride
14%
Silver Linings Playbook
8%
No matching quizzes found
Score Distribution
Percent of People with Each Score
Percentile by Number Answered
Your Score History
You have not taken this quiz